Central Library OPAC University of Rajshahi
Normal view MARC view

Entry Personal Name

Number of records used in: 4

001 - CONTROL NUMBER

  • control field: 9533

003 - CONTROL NUMBER IDENTIFIER

  • control field: BD-RjUL

005 - DATE AND TIME OF LATEST TRANSACTION

  • control field: 20231015101617.0

008 - FIXED-LENGTH DATA ELEMENTS

  • fixed length control field: 231015|| aca||aabn | a|a d

040 ## - CATALOGING SOURCE

  • Original cataloging agency: BD-RjUL
  • Transcribing agency: BD-RjUL

100 ## - HEADING--PERSONAL NAME

  • Personal name: Sarkar, Aziza Sultana Rosy

670 ## - SOURCE DATA FOUND

  • Source citation: Work cat.: (BD-RjUL)82108: Sarkar, Aziza Sultana Rosy, Probabilty Pattern and Effect of Extinction of Disease on Expectation of Life in Bangladesh /, 2014